00465 2200193 4500001002100000005001500021008004100036020002200077035001900099041000700118082001200125090001800137100001500155700002200170245002100192260002400213300001900237650001500256INLIS00000000000525320241224113051241224||||||||| | ||| |||| || |  a978-979-730-912-1 0010-1224005253 aid0 a297,246 a297.246 ASE K0 aA.SETIAWAN0 aASEP SETIAWAN,DKK00aNABI IBRAHIM A.S bPustaka Setiac2007 a134 HLM,;26 CM 0aIlmu Agama